000 00629nam a2200217Ia 4500
001 7013
003 GE_BSU
008 181216s||||||||xx |||||||||||||| ||und||
040 _cGE_BSU
080 _a631.33(075)
100 _aБанников,С.П.
245 _aЭлектроборудование автомобилей.
245 _bУчебник.
245 _cРед. Р.А.Нестеров.
260 _aМ.
260 _bТранспорт.
260 _c1970.
300 _a288стр.22см.библиогр.:стр.286.
653 _aЭлектроборудование автомобилей.
942 _cBK
999 _c40405
_d40405